Loading...
| Fine Arts - Classical Music | 0 | 5 | 1 | 0 | 45 | 13 | 57.00 | 1 | 4 | 0.00 | 0.00 |
| Fine Arts - Other | 0 | 4 | 0 | 0 | 40 | 57 | 74.50 | 1 | 3 | 0.00 | 0.00 |
| Religion | 0 | 3 | 0 | 2 | 30 | 55 | 86.67 | 1 | 1 | 0.00 | 0.00 |
| History - World | 0 | 3 | 0 | 1 | 30 | 15 | 56.00 | 1 | 2 | 0.00 | 0.00 |
| History - European | 0 | 1 | 0 | 1 | 10 | 113 | 113.00 | 0 | 0 | 0.00 | 0.00 |
| History - Other | 0 | 1 | 0 | 0 | 10 | 24 | 24.00 | 1 | 1 | 0.00 | 0.00 |
| Geography | 0 | 1 | 0 | 0 | 10 | 51 | 51.00 | 0 | 1 | 0.00 | 0.00 |
| Literature - American | 0 | 1 | 0 | 0 | 10 | 96 | 96.00 | 0 | 0 | 0.00 | 0.00 |
| Literature - British | 0 | 1 | 0 | 0 | 10 | 41 | 41.00 | 1 | 1 | 0.00 | 0.00 |
| Literature - World | 0 | 1 | 0 | 0 | 10 | 22 | 22.00 | 1 | 1 | 0.00 | 0.00 |
| Philosophy | 0 | 2 | 2 | 1 | 10 | 32 | 71.00 | 0 | 1 | 0.00 | 0.00 |
| History - American | 0 | 0 | 2 | 0 | -10 | 0.00 | 0 | 0 | 0.00 | 0.00 |